000 00679nam a2200265 a 4500
001 000108054
003 CHAP
005 20230519094535.0
008 131202s2010 ck a |r| |||1|||spa|d
010 _a104516
011 _a105488
020 _a9789587360073
040 _cCHAP
082 0 4 _a633.735
_bD94
100 1 _aDurán Ramírez, Felipe
_934702
245 1 0 _aCultivo del café /
_cpor Felipe Durán Ramírez.
260 3 _aColombia :
_bGrupo Latino Editores,
_c[2010].
300 _a511 p.
590 _aE792CSJ
_b05
_c20131202
_lUCH01
_h1057
650 1 4 _aCafé orgánico.
_917217
650 1 4 _aCafé.
_917085
901 _aBK
942 _cLIBRO
942 _n0
999 _c104516
_d104516